000 nam a22 7a 4500
999 _c25898
_d25898
008 170201b xxu||||| |||| 00| 0 eng d
020 _a0030268567
050 _aHB 172 .B38 2001
100 _aBaumol, Willliam.
245 _aMicroeconomics :
_bprinciples and policy/
_cWilliam J. Baumol and Alan S. Blinder.
260 _aAustralia :
_bSouth-Western,
_c2001.
300 _axxx, 524p. :
_bill. ;
_c28cm,
500 _aInclude index.
650 _aMicroeconomics.
700 _aBlinder, alan S.
942 _2lcc
_cBOOKS